000 00326nam a2200097Ia 4500
082 _a240 MEYE
245 0 _aN Nuwe dag 'n nuwe jy : 366 dagstukkies om jou lewe elke dag te geniet
100 _a Meyer, Joyce Kaapstad, 2008 1ste Afrikaanse uitg
_996782
942 _cBK
008 210817s9999 xx 000 0 und d
999 _c408336
_d408335